000 00432 a2200121 4500
001 ART_61563
005 20260410161611.0
008 260409a
245 1 0 _aAjuste por inflación - Cierres 30 de junio 2024- Entes incluidos en la Resolución Técnica 41
100 1 _aVeiras, Alberto
700 1 _aPaulone, Héctor Mauricio
773 0 _tProfesional & Empresaria
_g- Año XXVI, Nº 299 (sep./oct. 2024)
_wREV70
999 _c10674
_d10674